Seafood processing: adding value through quick freezing, retortable packaging, and cook-chilling
Kaydedildi:
| Yazar: | |
|---|---|
| Materyal Türü: | Kitap |
| Dil: | İngilizce |
| Baskı/Yayın Bilgisi: |
Boca Ratón
CRC
2006
|
| Edisyon: | 1a. ed |
| Seri Bilgileri: | Food Science and Technology, 153
|
| Konular: | |
| Etiketler: |
Etiketle
Etiket eklenmemiş, İlk siz ekleyin!
|
MARC
| LEADER | 00000nam a2200000 a 4500 | ||
|---|---|---|---|
| 001 | UCJ2277 | ||
| 003 | CL-VaPUC | ||
| 005 | 20230529131658.0 | ||
| 008 | 061207e20060000US |||||||||||||||||eng|d | ||
| 999 | |c 318627 |d 318625 | ||
| 020 | |a 1574446223 | ||
| 040 | |c Pontificia Universidad Católica de Valparaíso | ||
| 082 | 0 | 4 | |a 664.94 |b VEN |2 21 |
| 100 | 0 | |a Venugopal, Vazhiyil |e author |9 503265 | |
| 245 | 1 | 0 | |a Seafood processing: adding value through quick freezing, retortable packaging, and cook-chilling |
| 250 | |a 1a. ed | ||
| 260 | |a Boca Ratón |b CRC |c 2006 | ||
| 300 | |a 485 p | ||
| 490 | 0 | |a Food Science and Technology, 153 | |
| 583 | |a last modification |c 20061207 00:00:00 |k Rodrigo Vera | ||
| 600 | 0 | |9 503265 |a Venugopal, Vazhiyil |e author | |
| 650 | 0 | |a Acuicultura |9 258883 | |
| 650 | 0 | |a Pescado |9 362658 |x Conservación |x Manipulación | |
| 650 | 0 | |a Mariscos |9 259766 |x Cultivo | |
| 650 | 0 | |a Alimentos congelados |9 259336 | |
| 942 | |c BK |2 ddc | ||
| 945 | |d 20061207 00:00:00 |a cmena | ||
| 952 | |0 0 |1 0 |4 0 |6 664_940000000000000_VEN_2006 |7 0 |8 A |9 396568 |a BIBALI |b BIBALI |c GEN |d 2019-11-22 |i 4304411 |l 4 |o 664.94 VEN 2006 |p 4304411 |r 2025-01-20 |s 2022-09-08 |w 2019-11-22 |y BK |k ALI | ||